Statistiques concernant Les 10 plus grandes licences Nintendo

Cliquez ici pour prendre le quiz!

Statistiques générales

  • Ce quiz a été pris 2 007 fois
    (1 981 depuis la dernière actualisation)
  • Le résultat moyen est 5 sur 10

Statistiques - réponses

Réponse% Correct
Mario
100%
Zelda
93%
Pokémon
75%
Métroid
48%
Kirby
45%
Animal Crossing
43%
Donkey Kong
41%
Starfox
23%
Fire Emblem
22%
Super Smash Bros
22%

Distribution des résultats

Percentile par nombre de réponses

% des personnes avec chaque résultat

Votre développement - résultats

Vous n’avez pas pris ce quiz depuis la dernière actualisation